La educación física desde una perspectiva interdisciplinar
Shranjeno v:
| Glavni avtor: | |
|---|---|
| Format: | Knjiga |
| Jezik: | španščina |
| Izdano: |
Barcelona
Graó
2003
|
| Izdaja: | 1a. ed |
| Serija: | Claves para la Innovación Educativa, 24
|
| Teme: | |
| Oznake: |
Označite
Brez oznak, prvi označite!
|
MARC
| LEADER | 00000nam a2200000 a 4500 | ||
|---|---|---|---|
| 001 | UCG4786 | ||
| 003 | CL-VaPUC | ||
| 008 | 101202e20030000SP |||||||||||||||||spa|d | ||
| 020 | |a 8478273123 | ||
| 082 | 0 | 4 | |a 372.86 |b ALL |2 21 |
| 100 | 0 | |a Allès, Elies |e author |9 554229 | |
| 245 | 1 | 3 | |a La educación física desde una perspectiva interdisciplinar |
| 250 | |a 1a. ed | ||
| 300 | |a 114 p | ||
| 942 | |c BK | ||
| 945 | |d 20101202 00:00:00 |a cmena | ||
| 260 | |a Barcelona |b Graó |c 2003 | ||
| 650 | 0 | |a Educación física |9 240893 | |
| 650 | 0 | |a Deportes |9 224367 | |
| 650 | 0 | |a Planificación del currículo |9 269599 | |
| 650 | 0 | |a Educación moral |9 308319 | |
| 650 | 0 | |a Integración escolar |9 312238 | |
| 650 | 0 | |a Educación preescolar |9 260381 | |
| 650 | 0 | |a Educación básica |9 224933 | |
| 650 | 0 | |a Métodos de enseñanza |9 270413 | |
| 583 | |a last modification |c 20101202 00:00:00 |k Rodrigo Vera | ||
| 490 | 0 | |a Claves para la Innovación Educativa, 24 | |
| 999 | |c 343420 |d 343418 | ||
| 952 | |0 0 |1 0 |4 0 |6 372_860000000000000_ALL_2003 |7 0 |8 A |9 440714 |a BIBEDU |b BIBEDU |d 2019-11-22 |i 4740815 |o 372.86 ALL 2003 |p 4740815 |r 2019-11-22 |w 2019-11-22 |y BK |k EFI | ||